| 000 | 01116nam a22003497a 4500 | ||
|---|---|---|---|
| 003 | CHAP | ||
| 005 | 20220329134605.0 | ||
| 008 | 971013s1992 r 10010 d | ||
| 010 | _a22676 | ||
| 011 | _a23648 | ||
| 035 | _a27745 | ||
| 040 | _cCHAP | ||
| 082 |
_a631.4 _bC8 |
||
| 111 | 0 | 0 |
_aCurso de Manejo de Areas de Várzea do Mato Grosso do Sul ( _n1 _d: 1992 _c: Dourados, MS) _930622 |
| 245 | _aAnais | ||
| 260 |
_aDourados : _bEmpresa Brasileira de Pesquisa Agropecuaria, _c1992 |
||
| 300 | _a124 p. | ||
| 490 | _aEMBRAPA. Documentos, 56 | ||
| 590 |
_aBATCH-UPD _b10 _c20130110 _lUCH01 _h1713 |
||
| 590 |
_aBATCH-UPD _b10 _c20130410 _lUCH01 _h1058 |
||
| 590 |
_aBATCH-UPD _b10 _c20130914 _lUCH01 _h2007 |
||
| 590 |
_aCONVERSION _b10 _c20130109 _lUCH01 _h1313 |
||
| 650 | 1 | 4 |
_aArroz _xPlagas. _97643 |
| 650 | 1 | 4 |
_aFertilizantes. _940447 |
| 650 | 1 | 4 |
_aSuelos arroceros. _9110536 |
| 650 | 1 | 4 |
_aSuelos _xBrasil. _9110223 |
| 650 | 1 | 4 |
_aSuelos _xManejo. _9110423 |
| 830 | 0 |
_aEMBRAPA. Documentos, 56 _936482 |
|
| 901 | _aBK | ||
| 942 | _cLIBRO | ||
| 949 |
_a631.4 C8 _bBC _cLIBRO _d33724000061347 _eLIBRO _h85077 _i27745 _si |
||
| 999 |
_c22676 _d22676 |
||